• 首页
  • 本馆介绍
  • 公告通知
  • 最新文献
  • 馆藏检索
  • 电子资源
  • 读者导购
  • 参考咨询
  • 我的图书馆
  • 登录
  • 详细信息显示
  • 放入我的书架
  • 预约/预借图书
  • 作者相关作品
  • 分类相关作品
  • 丛书相关作品
  • 出版社相关作品

书目信息

  • 表格格式
  • 工作单格式
  • 卡片格式
题名:
国家观念、市场逻辑与公共教育
    
 
作者: 朱利霞 著
分册:  
出版信息: 济南   山东教育出版社  2010
页数: 15, 247页
开本: 24cm
丛书名: 转型期西方教育理论与实践丛书
单 册:
中图分类: G51
科图分类:
主题词: 教育事业--jiao yu shi ye--研究--西方国家
电子资源:
ISBN: 978-7-5328-6736-3
000 01116nam 2200289 450
001 012001002220
005 20131028094815.0
010    @a978-7-5328-6736-3@dCNY36.00
099    @aCAL 012010236841
100    @a20101109d2010 em y0chiy0121 ea
101 0  @achi
102    @aCN@b370000
105    @aak a 000yy
106    @ar
200 1  @a国家观念、市场逻辑与公共教育@Aguo jia guan nian、shi chang luo ji yu gong gong jiao yu@e转型期西方公共教育改革研究@f朱利霞著
210    @a济南@c山东教育出版社@d2010
215    @a15, 247页@c图@d24cm
225 2  @a转型期西方教育理论与实践丛书@Azhuan xing qi xi fang jiao yu li lun yu shi jian cong shu
320    @a有书目
330    @a本书在寻求西方的教育改革所带给我们的借鉴与启示时,特别观照到了我们国家所特有的政治、经济和文化传统。
410  0 @12001@a转型期西方教育理论与实践丛书
517 1  @a转型期西方公共教育改革研究@Azhuan xing qi xi fang gong gong jiao yu gai ge yan jiu
606 0  @a教育事业@Ajiao yu shi ye@x研究@y西方国家
690    @aG51@v4
701  0 @a朱利霞@Azhu li xia@4著
801  2 @aCN@b江苏凤凰@c20191020
905    @b1228414-6@dG51@e105@f3
    
    国家观念、市场逻辑与公共教育:转型期西方公共教育改革研究/朱利霞著.-济南:山东教育出版社,2010
    15, 247页:图;24cm.-(转型期西方教育理论与实践丛书)
    
    
    ISBN 978-7-5328-6736-3:CNY36.00
    本书在寻求西方的教育改革所带给我们的借鉴与启示时,特别观照到了我们国家所特有的政治、经济和文化传统。
●
相关链接 在E读中查询图书 在五车中查询图书 在当当中查询图书 在豆瓣中查询图书


正题名:国家观念、市场逻辑与公共教育     索取号:G51/105         预约/预借

序号 登录号 条形码 馆藏地/架位号 状态 备注
1 1228414   212284142   第一样本阅览室/ [索取号:G51/105] 在馆    
2 1228415   212284151   教育系资料室/ [索取号:G51/105] 在馆    
3 1228416   212284160   第四借阅区/ [索取号:G51/105] 在馆    
唐山师范学院图书馆 欢迎您!
大连网信软件有限公司© 版权所有